[Event "Big Slow Tourney for Lazy or Busy People.  "]
[Site "SchemingMind.com"]
[Date "2019.06.03"]
[Round "-"]
[White "Uzi Mike"]
[Black "JAHI"]
[Result "1-0"]
[WhiteCountry "USA"]
[BlackCountry "INT"]
[WhiteElo "2286"]
[WhiteRD "88"]
[BlackElo "1947"]
[BlackRD "74"]
[GameID "442040"]

1. c4 d6 2. Nc3 c6 3. d4 d5 4. cxd5 cxd5 5. Bf4 e6 6. e3 Bb4 7. Bd3 Ne7 8. Nf3 h6 9. Rc1 Bd7 10. a3 Bxc3+
11. Rxc3 Nec6 12. O-O h5 13. e4 Qa5 14. exd5 exd5 15. Re1+ Be6 16. Rxe6+ fxe6 17. Qe2 Kd7 18. Ne5+ Kc8 19. Nxc6 bxc6 20. Qxe6+ Kd8
21. Qd6+ Nd7 22. Bg5+ Kc8 23. Rxc6+ Kb7 24. Ba6+ Qxa6 25. Qc7#
1-0

[Event "Big Slow Tourney for Lazy or Busy People.  "]
[Site "SchemingMind.com"]
[Date "2019.06.05"]
[Round "-"]
[White "Uzi Mike"]
[Black "Mihir Chandrashekhar"]
[Result "1-0"]
[WhiteCountry "USA"]
[BlackCountry "IND"]
[WhiteElo "2286"]
[WhiteRD "88"]
[BlackElo "1862"]
[BlackRD "51"]
[GameID "442057"]

1. d4 Nf6 2. c4 c5 3. d5 b5 4. cxb5 a6 5. Nc3 axb5 6. e4 b4 7. Nb5 d6 8. Bf4 Nxe4 9. Qe2 g5 10. Be5 dxe5
11. Qxe4 Bg7 12. Nf3 f5 13. Qe3 e4 14. Nxg5 h6 15. Ne6 Bxe6 16. dxe6 O-O 17. Bc4 Nc6 18. Rd1 Nd4 19. O-O Qb6 20. Nxd4 cxd4
21. Qf4 d3 22. Bb3 Qb8 23. Qd2 Qd6 24. Rc1 Rfc8 25. Rcd1 Kh7 26. f3 Qd4+ 27. Kh1 Bf6 28. fxe4 fxe4 29. Qf4 Qe5 30. Qxe5 Bxe5
31. Bd5
1-0

[Event "Big Slow Tourney for Lazy or Busy People.  "]
[Site "SchemingMind.com"]
[Date "2019.06.03"]
[Round "-"]
[White "JAHI"]
[Black "Mihir Chandrashekhar"]
[Result "0-1"]
[WhiteCountry "INT"]
[BlackCountry "IND"]
[WhiteElo "1904"]
[WhiteRD "69"]
[BlackElo "1801"]
[BlackRD "52"]
[GameID "442058"]

1. c3 Nf6 2. d3 d5 3. Bg5 e6 4. g3 b6 5. Bg2 Bb7 6. h3 Nbd7 7. h4 Be7 8. Bxf6 Nxf6 9. Nd2 c5 10. Nh3 Qc7
11. a3 Rd8 12. Kf1 d4 13. Bxb7 Qxb7 14. Kg1 O-O 15. Qf1 dxc3 16. bxc3 Qc7 17. Qg2 Qe5 18. Ne4 Nxe4 19. Qxe4 Qxc3 20. Kg2 Qd4
21. Qxd4 cxd4 22. h5 Rd5 23. h6 g5 24. f3 Rc8 25. Rhc1 Rdc5 26. Rxc5 Rxc5 27. Nf2 f5 28. Re1 Rc2 29. f4 g4 30. Kf1 Bxa3
31. Ra1 Rc1+ 32. Rxc1 Bxc1 33. Nd1 a5 34. Kf2 a4 35. e3 a3 36. Ke2 a2 37. e4 a1=Q 38. Nf2 Qb2+ 39. Kf1 Be3 40. Nd1 Qd2
41. Nxe3 dxe3 42. Kg1 e2 43. exf5 e1=Q#
0-1

[Event "Big Slow Tourney for Lazy or Busy People.  "]
[Site "SchemingMind.com"]
[Date "2019.06.18"]
[Round "-"]
[White "Uzi Mike"]
[Black "Helga1946"]
[Result "1-0"]
[WhiteCountry "USA"]
[BlackCountry "GER"]
[WhiteElo "2286"]
[WhiteRD "88"]
[BlackElo "1916"]
[BlackRD "56"]
[GameID "442427"]

1. e4 e5 2. Nf3 Nc6 3. Bb5 a6 4. Ba4 b5 5. Bb3 h6 6. O-O Bb7 7. d4 exd4 8. a4 b4 9. Nxd4 Nxd4 10. Qxd4 Qf6
11. Qd3 Qg6 12. Bd5 Bxd5 13. Qxd5 c6 14. Qd4 Nf6 15. e5 Nd5 16. c4 Nc7 17. Nd2 Ne6 18. Qe4 O-O-O 19. Qxg6 fxg6 20. b3 d5
21. Bb2 Bc5 22. cxd5 Rxd5 23. Ne4 Kc7 24. Rab1 Rd3 25. Ba1 Rhd8 26. Rfe1 R8d5 27. Nxc5
1-0

[Event "Big Slow Tourney for Lazy or Busy People.  "]
[Site "SchemingMind.com"]
[Date "2019.06.18"]
[Round "-"]
[White "JAHI"]
[Black "Helga1946"]
[Result "1-0"]
[WhiteCountry "INT"]
[BlackCountry "GER"]
[WhiteElo "1947"]
[WhiteRD "74"]
[BlackElo "1916"]
[BlackRD "56"]
[GameID "442428"]

1. c3 e5 2. d3 d5 3. d4 exd4 4. cxd4 Bd6 5. Nc3 c6 6. g3 h6 7. Bg2 Nf6 8. h3 O-O 9. h4 Re8 10. h5 Bb4
11. a3 Bxc3+ 12. bxc3 Bg4 13. Bf3 Bxf3 14. Nxf3 Nbd7 15. Kf1 Qa5 16. Bd2 Re6 17. Kg2 Qa6 18. e3 Ne4 19. Qf1 Qxf1+ 20. Raxf1 Nb6
21. Ra1 Nc4 22. Be1 a5 23. Rh4 Ra6 24. a4 Rb6 25. Nh2 Rb2 26. Kg1
1-0

[Event "Big Slow Tourney for Lazy or Busy People.  "]
[Site "SchemingMind.com"]
[Date "2019.06.16"]
[Round "-"]
[White "Mihir Chandrashekhar"]
[Black "Helga1946"]
[Result "0-1"]
[WhiteCountry "IND"]
[BlackCountry "GER"]
[WhiteElo "1997"]
[WhiteRD "54"]
[BlackElo "2175"]
[BlackRD "72"]
[GameID "442429"]

1. d4 d5 2. c4 dxc4 3. Nf3 c6 4. e3 Be6 5. Nbd2 b5 6. a4 Qa5 7. Be2 Nf6 8. O-O g6 9. Ng5 Bc8 10. b4 Qc7
11. Bb2 Bg7 12. Nde4 Nbd7 13. Bf3 Rb8 14. a5 Nd5 15. Qd2 h6 16. Nh3 g5 17. Ng3 N7f6 18. e4 g4
0-1

[Event "Big Slow Tourney for Lazy or Busy People.  "]
[Site "SchemingMind.com"]
[Date "2019.07.08"]
[Round "-"]
[White "Chessibelle"]
[Black "Uzi Mike"]
[Result "0-1"]
[WhiteCountry "ENG"]
[BlackCountry "USA"]
[WhiteElo "1159"]
[WhiteRD "58"]
[BlackElo "2227"]
[BlackRD "93"]
[GameID "443290"]

1. Nf3 Nf6 2. d4 g6 3. e3 Bg7 4. Nc3 d5 5. Be2 h5 6. Ng5 Nc6 7. a3 h4 8. h3 Bf5 9. O-O e6 10. Bf3 a6
11. e4 dxe4 12. Ngxe4 Nxe4 13. Nxe4 Nxd4 14. c3 Nxf3+ 15. Qxf3 Qd5 16. Qe2 Qxe4 17. Be3 O-O-O 18. f3 Qc2 19. Qf2 Qxf2+ 20. Kxf2 Bc2
21. Rfc1 Bb3 22. g3 hxg3+ 23. Kxg3 e5 24. Bg5 Rd3 25. h4 f6 26. Kg4 fxg5 27. hxg5 Rd2 28. c4 Rg2#
0-1

[Event "Big Slow Tourney for Lazy or Busy People.  "]
[Site "SchemingMind.com"]
[Date "2019.07.08"]
[Round "-"]
[White "Helga1946"]
[Black "Chessibelle"]
[Result "1-0"]
[WhiteCountry "GER"]
[BlackCountry "ENG"]
[WhiteElo "2175"]
[WhiteRD "72"]
[BlackElo "1130"]
[BlackRD "57"]
[GameID "443291"]

1. c4 e5 2. Nc3 Nc6 3. e3 Nf6 4. Nf3 d6 5. d4 Bd7 6. Qb3 b6 7. h3 Be7 8. Bd3 g6 9. a3 Be6 10. Qc2 exd4
11. exd4 Bd7 12. d5 Ne5 13. Nxe5 O-O 14. Nf3 c6 15. O-O a6 16. Re1 b5 17. dxc6 Bxc6 18. Nd4 d5 19. Nxc6 Qd6 20. Nxe7+ Kh8
21. Ncxd5 Nd7 22. Bxg6 fxg6 23. Qc3+ Nf6 24. Bg5 Ra7 25. Bxf6+ Rxf6 26. Nxf6 Rxe7 27. Ng4+ Kg8 28. Nh6+
1-0

[Event "Big Slow Tourney for Lazy or Busy People.  "]
[Site "SchemingMind.com"]
[Date "2019.07.08"]
[Round "-"]
[White "Chessibelle"]
[Black "JAHI"]
[Result "0-1"]
[WhiteCountry "ENG"]
[BlackCountry "INT"]
[WhiteElo "1130"]
[WhiteRD "57"]
[BlackElo "1897"]
[BlackRD "69"]
[GameID "443292"]

1. Nf3 d6 2. d4 Bg4 3. Bd2 Bxf3 4. exf3 e6 5. g3 e5 6. Be3 c6 7. Nd2 Na6 8. a3 Be7 9. Be2 h6 10. Ne4 d5
11. Nc3 exd4 12. Bxd4 Nf6 13. O-O h5 14. h4 Qd6 15. Qd2 Nc7 16. Bd3 Ne6 17. Be3 d4 18. Ne4 Nxe4 19. Qe1 dxe3 20. fxe4 exf2+
21. Qxf2 Qd4 22. Kg2 Qxf2+ 23. Rxf2 f6 24. c4 Bd6 25. Re2 Be5 26. Rb1 Ke7 27. Bc2 Rhd8 28. Kh3 Nd4 29. Rf2 Nxc2 30. Rxc2 Rd3
31. c5 Rxg3+ 32. Kh2 Rc3+ 33. Kg1 Rxc2 34. b4 Rd8 35. b5 cxb5 36. Rxb5 Rd1#
0-1

[Event "Big Slow Tourney for Lazy or Busy People.  "]
[Site "SchemingMind.com"]
[Date "2019.07.09"]
[Round "-"]
[White "Chessibelle"]
[Black "Mihir Chandrashekhar"]
[Result "0-1"]
[WhiteCountry "ENG"]
[BlackCountry "IND"]
[WhiteElo "1151"]
[WhiteRD "56"]
[BlackElo "1934"]
[BlackRD "50"]
[GameID "443293"]

1. Nf3 d5 2. d4 Nf6 3. e3 Bf5 4. Be2 e6 5. Bd2 c5 6. Nc3 Nc6 7. O-O Rc8 8. Re1 a6 9. a3 Bd6 10. Bf1 O-O
11. Ne2 Ne4 12. Bc1 Bg4 13. b3 Bxf3 14. gxf3 Nxf2 15. Kxf2 Qh4+ 16. Kg2 Qxh2#
0-1

[Event "Big Slow Tourney for Lazy or Busy People.  "]
[Site "SchemingMind.com"]
[Date "2019.07.14"]
[Round "-"]
[White "Timaeus"]
[Black "Uzi Mike"]
[Result "0-1"]
[WhiteCountry "JPN"]
[BlackCountry "USA"]
[WhiteElo "1365"]
[WhiteRD "91"]
[BlackElo "2312"]
[BlackRD "88"]
[GameID "443338"]

1. d4 Nf6 2. Bf4 d5 3. e3 Bf5 4. Nf3 e6 5. Nc3 Bd6 6. Bb5+ Nbd7 7. Bxd6 cxd6 8. O-O a6 9. Bxd7+ Qxd7 10. b3 Bg4
11. h3 Bh5 12. Ne2 Bxf3 13. gxf3 O-O 14. Ng3 Rac8 15. Rc1 Rc7 16. e4 Rfc8 17. exd5 Nxd5 18. Qd2 b5 19. Nh5 Qd8 20. Rfe1 g6
21. Ng3 Qh4 22. Kh2 Nf4 23. Rh1 Qxh3+
0-1

[Event "Big Slow Tourney for Lazy or Busy People.  "]
[Site "SchemingMind.com"]
[Date "2019.07.14"]
[Round "-"]
[White "Chessibelle"]
[Black "Timaeus"]
[Result "0-1"]
[WhiteCountry "ENG"]
[BlackCountry "JPN"]
[WhiteElo "1130"]
[WhiteRD "57"]
[BlackElo "1316"]
[BlackRD "81"]
[GameID "443339"]

1. Nf3 d5 2. d4 e6 3. Bd2 Bd6 4. e3 Nf6 5. Nc3 O-O 6. g3 Nc6 7. Be2 a6 8. O-O b5 9. a3 Bd7 10. Re1 e5
11. Bd3 e4 12. Be2 exf3 13. Bxf3 Bh3 14. Bg2 Qd7 15. f4 Rfe8 16. Qf3 Bg4 17. Qf2 Ne4 18. Nxe4 dxe4 19. Qf1 a5 20. h3 Bf3
21. c3 Bxg2 22. Qxg2 b4 23. g4 bxc3 24. Bxc3 a4 25. Qg3 Rab8 26. d5 Ne7 27. g5 Ng6 28. Qf2 Qxh3 29. Re2 Nh4 30. Qf1 Nf3+
31. Kf2 Qh2+ 32. Qg2 Qh4+ 33. Kf1 g6 34. Rc2 Bc5 35. Bf6 Bxe3 36. Ke2 Bxf4 37. Kd1 Qe1#
0-1

[Event "Big Slow Tourney for Lazy or Busy People.  "]
[Site "SchemingMind.com"]
[Date "2019.07.14"]
[Round "-"]
[White "Timaeus"]
[Black "Helga1946"]
[Result "1-0"]
[WhiteCountry "JPN"]
[BlackCountry "GER"]
[WhiteElo "1340"]
[WhiteRD "88"]
[BlackElo "1916"]
[BlackRD "56"]
[GameID "443340"]

1. d4 d5 2. Bf4 Bf5 3. Nc3 e6 4. Nf3 Bb4 5. a3 Bxc3+ 6. bxc3 Nd7 7. e3 Ne7 8. Bd3 Nb6 9. O-O O-O 10. Qe2 Qd7
11. h3 Qc6 12. Qd2 f6 13. Rab1 a6 14. Bxf5 Nxf5 15. Rfe1 Rac8 16. Qd3 Na4 17. Rb3 Nd6 18. Nd2 e5 19. dxe5
1-0

[Event "Big Slow Tourney for Lazy or Busy People.  "]
[Site "SchemingMind.com"]
[Date "2019.07.14"]
[Round "-"]
[White "Timaeus"]
[Black "JAHI"]
[Result "0-1"]
[WhiteCountry "JPN"]
[BlackCountry "INT"]
[WhiteElo "1316"]
[WhiteRD "81"]
[BlackElo "1897"]
[BlackRD "69"]
[GameID "443341"]

1. d4 d6 2. Bf4 c6 3. e3 c5 4. Bc4 e6 5. Nc3 a6 6. Nf3 d5 7. Bb3 h6 8. O-O h5 9. a4 h4 10. g3 h3
0-1

[Event "Big Slow Tourney for Lazy or Busy People.  "]
[Site "SchemingMind.com"]
[Date "2019.07.14"]
[Round "-"]
[White "Timaeus"]
[Black "Mihir Chandrashekhar"]
[Result "0-1"]
[WhiteCountry "JPN"]
[BlackCountry "IND"]
[WhiteElo "1316"]
[WhiteRD "81"]
[BlackElo "1997"]
[BlackRD "54"]
[GameID "443342"]

1. d4 Nf6 2. Bf4 d5 3. e3 e6 4. Bd3 c5 5. b3 cxd4 6. exd4 Bd6 7. Ne2 Nc6 8. Bb5 Qa5+ 9. Nbc3 Bxf4 10. Nxf4 Qxc3+
11. Kf1 O-O 12. Bxc6 bxc6 13. Ne2 Ba6
0-1

[Event "Big Slow Tourney for Lazy or Busy People.  "]
[Site "SchemingMind.com"]
[Date "2019.07.14"]
[Round "-"]
[White "bull mccabe"]
[Black "Uzi Mike"]
[Result "0-1"]
[WhiteCountry "IRL"]
[BlackCountry "USA"]
[WhiteElo "2062"]
[WhiteRD "127"]
[BlackElo "2286"]
[BlackRD "88"]
[GameID "443501"]

1. e4 c5 2. Nc3 Nc6 3. Nf3 e5 4. Bc4 Be7 5. d3 d6 6. O-O Nf6 7. Ng5 O-O 8. f4 Bg4 9. Qe1 h6 10. Nxf7 Rxf7
11. Bxf7+ Kxf7 12. h3 Be6 13. f5 Bd7 14. Bd2 Kg8 15. Qg3 Kh8 16. Rac1 Nd4 17. Rf2 Be8 18. a3 Nh5 19. Qg4 Bh4 20. Rff1 Bf7
21. Be3 Ng3 22. f6 g5 23. Bxd4 cxd4 24. Nd5 h5 25. Qf3 Qg8 26. Ne7 g4 27. hxg4 Qg5 28. Kh2 Rf8 29. Nf5 hxg4
0-1

[Event "Big Slow Tourney for Lazy or Busy People.  "]
[Site "SchemingMind.com"]
[Date "2019.07.12"]
[Round "-"]
[White "Chessibelle"]
[Black "bull mccabe"]
[Result "0-1"]
[WhiteCountry "ENG"]
[BlackCountry "IRL"]
[WhiteElo "1151"]
[WhiteRD "56"]
[BlackElo "1931"]
[BlackRD "197"]
[GameID "443502"]

1. Nf3 d5 2. d4 Nf6 3. b3 Nc6 4. Nc3 Bf5 5. a3 e6 6. Bd2 Bd6 7. g3 O-O 8. Bg2 a6 9. O-O Qe7 10. h3 Bxa3
11. h4 Rfe8 12. Ng5 h6 13. Nh3 Ne4 14. Be1 Bb2 15. Qb1 Bxc3 16. Bxc3 Nxc3 17. Qe1 Nxd4 18. Kh1 Qc5 19. Nf4 Nxc2 20. Qc1 Nxa1
21. Qxa1 Qb4 22. Qb2 d4 23. e3 e5 24. Nd5 Nxd5 25. Bxd5 dxe3 26. fxe3 Be4+ 27. Bxe4 Qxe4+ 28. Kh2 Qxe3 29. Qa3 Rad8 30. Qb2 Rd2+
0-1

[Event "Big Slow Tourney for Lazy or Busy People.  "]
[Site "SchemingMind.com"]
[Date "2019.07.12"]
[Round "-"]
[White "bull mccabe"]
[Black "Helga1946"]
[Result "1-0"]
[WhiteCountry "IRL"]
[BlackCountry "GER"]
[WhiteElo "2062"]
[WhiteRD "127"]
[BlackElo "1916"]
[BlackRD "56"]
[GameID "443503"]

1. e4 e5 2. Nf3 Nc6 3. Bb5 a6 4. Ba4 Qf6 5. Nc3 Nge7 6. O-O b5 7. Bb3 Bb7 8. d3 Qd6 9. Be3 Na5 10. Nd2 Qg6
11. f4 exf4 12. Rxf4 f5 13. Qe2 O-O-O 14. Raf1 fxe4 15. Ndxe4 Nxb3 16. axb3 Nc6 17. Rg4 Qh5 18. Ng3 Qe8 19. Re4 Ne5 20. Rh4 Qe6
21. Rhf4 Re8 22. Nce4 Ng6 23. R4f3 h5 24. Nf5 Bxe4 25. dxe4 Qxe4 26. Qd2 Ne5 27. Rf4 Qb7 28. Bd4 g6 29. Ne7+ Bxe7 30. Bxe5 Bc5+
31. Bd4 Qd5 32. c3
1-0

[Event "Big Slow Tourney for Lazy or Busy People.  "]
[Site "SchemingMind.com"]
[Date "2019.07.13"]
[Round "-"]
[White "bull mccabe"]
[Black "JAHI"]
[Result "1-0"]
[WhiteCountry "IRL"]
[BlackCountry "INT"]
[WhiteElo "2105"]
[WhiteRD "121"]
[BlackElo "1904"]
[BlackRD "69"]
[GameID "443504"]

1. e4 d6 2. d4 d5 3. exd5 Qxd5 4. Nc3 Qa5 5. Nf3 Bg4 6. h3 Bxf3 7. Qxf3 c6 8. Be2 e6 9. O-O h6 10. a3 h5
11. Re1 h4 12. Bd2 Qc7 13. Bf4 Bd6 14. Nb5 cxb5 15. Bxd6 Qd7 16. d5 Ne7 17. dxe6 fxe6 18. Rad1 Nbc6 19. Bc5 Qc8 20. Bxb5 Rh5
21. Qxh5+ Kf8 22. Re4 Kg8 23. Rxh4 Qe8 24. Qh8+ Kf7 25. Rf4+ Nf5 26. Rxf5+ exf5 27. Bc4+ Kf6 28. Qh4+ Kg6 29. Rd6+ Qe6 30. Rxe6+ Kf7
31. Rxc6+ Ke8 32. Qe7#
1-0

[Event "Big Slow Tourney for Lazy or Busy People.  "]
[Site "SchemingMind.com"]
[Date "2019.07.12"]
[Round "-"]
[White "bull mccabe"]
[Black "Mihir Chandrashekhar"]
[Result "1-0"]
[WhiteCountry "IRL"]
[BlackCountry "IND"]
[WhiteElo "2062"]
[WhiteRD "127"]
[BlackElo "1862"]
[BlackRD "51"]
[GameID "443505"]

1. e4 c5 2. Nc3 Nc6 3. Nf3 e5 4. Bc4 Be7 5. d3 d6 6. O-O Nf6 7. Ng5 O-O 8. f4 Bg4 9. Qe1 exf4 10. Bxf4 Nd4
11. Qh4 h6 12. Nxf7 Rxf7 13. Bxf7+ Kxf7 14. e5 dxe5 15. Bxe5 Bf5 16. Rae1 Kg8 17. Bxd4 cxd4 18. Rxf5 dxc3 19. Qc4+ Kh8 20. bxc3 Rc8
21. Qf7 Rc7 22. Qg6 Bc5+ 23. d4 Re7 24. Rxe7 Qxe7 25. dxc5
1-0

[Event "Big Slow Tourney for Lazy or Busy People.  "]
[Site "SchemingMind.com"]
[Date "2019.07.17"]
[Round "-"]
[White "Timaeus"]
[Black "bull mccabe"]
[Result "0-1"]
[WhiteCountry "JPN"]
[BlackCountry "IRL"]
[WhiteElo "1316"]
[WhiteRD "81"]
[BlackElo "2038"]
[BlackRD "157"]
[GameID "443506"]

1. d4 d5 2. Bf4 Nf6 3. e3 c5 4. Ne2 e6 5. g3 Nc6 6. Nec3 cxd4 7. exd4 Bd6 8. Qd2 O-O 9. Bd3 Nxd4 10. O-O Nf3+
0-1

[Event "Big Slow Tourney for Lazy or Busy People.  "]
[Site "SchemingMind.com"]
[Date "2019.07.13"]
[Round "-"]
[White "Olli Ylönen"]
[Black "bull mccabe"]
[Result "0-1"]
[WhiteCountry "FIN"]
[BlackCountry "IRL"]
[WhiteElo "1891"]
[WhiteRD "80"]
[BlackElo "2127"]
[BlackRD "123"]
[GameID "443548"]

1. e4 c5 2. Nf3 Nc6 3. d4 cxd4 4. Nxd4 e5 5. Nb5 d6 6. N1c3 Nf6 7. Bg5 a6 8. Na3 b5 9. Bxf6 gxf6 10. Nd5 Bg7
11. Bd3 Ne7 12. Nxe7 Qxe7 13. O-O O-O 14. c4 bxc4 15. Nxc4 Rb8 16. Qf3 f5 17. exf5 Bb7 18. Be4 d5 19. Bxd5 e4 20. Qxe4 Qxe4
21. Bxe4 Bxe4 22. g4 Bd5 23. Rac1 Bxb2 24. Nxb2 Rxb2 25. Ra1 Bxa2 26. f4 Rfb8 27. Rf2 Rxf2 28. Kxf2 Rb2+ 29. Kg3 Kg7 30. h4 a5
31. g5 h5 32. gxh6+ Kxh6 33. Kf3 a4 34. Ke3 Kh5 35. Kd4 Kxh4 36. Kc3 Rg2 37. Kb4 Bb3 38. Rf1 Kg3 39. Kc3 Rf2
0-1

[Event "Big Slow Tourney for Lazy or Busy People.  "]
[Site "SchemingMind.com"]
[Date "2019.07.18"]
[Round "-"]
[White "Olli Ylönen"]
[Black "Timaeus"]
[Result "1-0"]
[WhiteCountry "FIN"]
[BlackCountry "JPN"]
[WhiteElo "1941"]
[WhiteRD "76"]
[BlackElo "1365"]
[BlackRD "91"]
[GameID "443549"]

1. e4 e5 2. Nf3 Bc5 3. Bc4 Nf6 4. Nc3 O-O 5. d3 d6 6. h3 Nc6 7. O-O Nd4 8. a3 Be6 9. Bxe6 Nxe6 10. Na4 b5
11. Nxc5 dxc5 12. Nxe5 a5 13. Bd2 Qd4 14. Bc3 Qd6 15. Re1 b4 16. axb4 cxb4 17. Nc4 Qc5 18. Bxf6
1-0

[Event "Big Slow Tourney for Lazy or Busy People.  "]
[Site "SchemingMind.com"]
[Date "2019.07.14"]
[Round "-"]
[White "Olli Ylönen"]
[Black "Uzi Mike"]
[Result "0-1"]
[WhiteCountry "FIN"]
[BlackCountry "USA"]
[WhiteElo "1891"]
[WhiteRD "80"]
[BlackElo "2322"]
[BlackRD "89"]
[GameID "443550"]

1. e4 e5 2. Nf3 Nc6 3. Bb5 a6 4. Ba4 Nf6 5. O-O Be7 6. Re1 b5 7. Bb3 d6 8. d4 Nxd4 9. Bd5 Nxf3+ 10. Qxf3 Nxd5
11. exd5 O-O 12. b4 Qd7 13. h3 Qf5 14. Qxf5 Bxf5 15. c3 a5 16. a3 Rfc8 17. Nd2 axb4 18. cxb4 c6 19. dxc6 Rxc6 20. Nf3 Rc7
21. Rd1 f6 22. Bb2 Rc2 23. Rd2 Rac8 24. g4 Be4
0-1

[Event "Big Slow Tourney for Lazy or Busy People.  "]
[Site "SchemingMind.com"]
[Date "2019.07.13"]
[Round "-"]
[White "Olli Ylönen"]
[Black "Chessibelle"]
[Result "1-0"]
[WhiteCountry "FIN"]
[BlackCountry "ENG"]
[WhiteElo "1776"]
[WhiteRD "99"]
[BlackElo "1159"]
[BlackRD "58"]
[GameID "443551"]

1. e4 e5 2. Nf3 d6 3. d4 Nd7 4. Bc4 Ngf6 5. Nc3 g6 6. Ng5 Ke7 7. Nxf7 Qe8 8. Nxh8 b6 9. Bg5 Kd8 10. Bxf6+ Nxf6
11. dxe5 Bd7 12. exf6 Qe5 13. Nf7+
1-0

[Event "Big Slow Tourney for Lazy or Busy People.  "]
[Site "SchemingMind.com"]
[Date "2019.07.13"]
[Round "-"]
[White "Helga1946"]
[Black "Olli Ylönen"]
[Result "0-1"]
[WhiteCountry "GER"]
[BlackCountry "FIN"]
[WhiteElo "1916"]
[WhiteRD "56"]
[BlackElo "1871"]
[BlackRD "78"]
[GameID "443552"]

1. c4 e5 2. Nc3 Nf6 3. Nf3 Nc6 4. e3 Bb4 5. Nd5 e4 6. Ng1 O-O 7. Qc2 Re8 8. a3 Bd6 9. Ne2 b5 10. cxb5 Ne5
11. Ndf4 g5 12. d4 gxf4 13. dxe5 fxe3 14. exd6 exf2+ 15. Kxf2 Ng4+ 16. Kg1 e3
0-1

[Event "Big Slow Tourney for Lazy or Busy People.  "]
[Site "SchemingMind.com"]
[Date "2019.07.18"]
[Round "-"]
[White "JAHI"]
[Black "Olli Ylönen"]
[Result "1-0"]
[WhiteCountry "INT"]
[BlackCountry "FIN"]
[WhiteElo "1932"]
[WhiteRD "67"]
[BlackElo "1891"]
[BlackRD "80"]
[GameID "443553"]

1. c3 e5 2. d3 d5 3. d4 Nc6 4. g3 exd4 5. cxd4 Bb4+ 6. Bd2 Bxd2+ 7. Qxd2 Nf6 8. Nc3 O-O 9. h3 h5 10. h4 Bf5
11. Bg2 Ne4 12. Nxe4 Bxe4 13. f3 Bg6 14. Nh3 Qf6 15. e3 Rfe8 16. Kf2 Ne7 17. Rae1 c6 18. Rhf1 Nf5 19. Nf4 b6 20. Bh3 Qd6
21. Bxf5 Bxf5 22. Nxh5 Qh6 23. Nf4 g5 24. hxg5 Qxg5 25. Qc3 Kg7 26. Qxc6 Rac8 27. Qxd5 Rc2+ 28. Re2 Rec8 29. e4 Qh6 30. Qxf5 Qh2+
31. Ke3 Qxg3 32. Nh5+
1-0

[Event "Big Slow Tourney for Lazy or Busy People.  "]
[Site "SchemingMind.com"]
[Date "2019.07.13"]
[Round "-"]
[White "Mihir Chandrashekhar"]
[Black "Olli Ylönen"]
[Result "0-1"]
[WhiteCountry "IND"]
[BlackCountry "FIN"]
[WhiteElo "1782"]
[WhiteRD "75"]
[BlackElo "1893"]
[BlackRD "83"]
[GameID "443554"]

1. c4 e5 2. Nc3 Nf6 3. Nf3 Nc6 4. g3 d5 5. cxd5 Nxd5 6. Bg2 Nb6 7. d3 Be7 8. O-O O-O 9. a3 Be6 10. Be3 f5
11. d4 e4 12. Ne5 Nb8 13. f3 exf3 14. exf3 Nc4 15. Qe2 Nxe3 16. Qxe3 Bc8 17. f4 c6 18. d5 cxd5 19. Bxd5+ Kh8 20. Qf3 Qb6+
21. Kh1 g6 22. h4 Qxb2 23. Rab1 Qxa3 24. Rb3 Qa6 25. Re1 Bf6 26. Bc4 Qd6 27. Nf7+ Rxf7 28. Bxf7 Kg7 29. Nb5 Qc6 30. Bd5 Qa6
31. Nc7 Qa5
0-1

[Event "Big Slow Tourney for Lazy or Busy People.  "]
[Site "SchemingMind.com"]
[Date "2019.07.24"]
[Round "-"]
[White "Timaeus"]
[Black "Paul Clarkson"]
[Result "0-1"]
[WhiteCountry "JPN"]
[BlackCountry "CAN"]
[WhiteElo "1315"]
[WhiteRD "85"]
[BlackElo "1844"]
[BlackRD "173"]
[GameID "443728"]

1. d4 Nf6 2. Bf4 g6 3. e3 Bg7 4. Bc4 O-O 5. Nf3 d6 6. O-O Nbd7 7. Nc3 Nh5 8. g3 Nxf4 9. exf4 c6 10. Re1 Nf6
11. d5 Bg4 12. Qd2 Bxf3 13. Be2 Bxe2 14. Rxe2 Rc8 15. b4 cxd5 16. Nxd5 Nxd5 17. Rb1 Nc3
0-1

[Event "Big Slow Tourney for Lazy or Busy People.  "]
[Site "SchemingMind.com"]
[Date "2019.07.19"]
[Round "-"]
[White "Paul Clarkson"]
[Black "bull mccabe"]
[Result "0-1"]
[WhiteCountry "CAN"]
[BlackCountry "IRL"]
[WhiteElo "1777"]
[WhiteRD "146"]
[BlackElo "2105"]
[BlackRD "121"]
[GameID "443729"]

1. d4 d5 2. Bf4 Nf6 3. e3 c5 4. c3 Nc6 5. Nd2 e6 6. Ngf3 Bd6 7. Bg3 O-O 8. Bd3 Qe7 9. Ne5 Nd7 10. Nxd7 Bxd7
11. Bxd6 Qxd6 12. dxc5 Qe7 13. b4 Qf6 14. Qc2 Nxb4 15. Bxh7+ Kh8 16. Qb2 Na6 17. Bc2 Nxc5 18. O-O b5 19. Nf3 Rac8 20. Nd4 e5
21. Nf3 Bg4 22. Nd2 Be2 23. Rfe1 Bd3 24. Nb3 Na4 25. Qb1 Nxc3
0-1

[Event "Big Slow Tourney for Lazy or Busy People.  "]
[Site "SchemingMind.com"]
[Date "2019.07.20"]
[Round "-"]
[White "Paul Clarkson"]
[Black "Uzi Mike"]
[Result "0-1"]
[WhiteCountry "CAN"]
[BlackCountry "USA"]
[WhiteElo "1777"]
[WhiteRD "146"]
[BlackElo "2312"]
[BlackRD "88"]
[GameID "443730"]

1. d4 Nf6 2. Bf4 d5 3. e3 Bg4 4. Nf3 e6 5. h3 Bh5 6. Nbd2 Bd6 7. Bxd6 cxd6 8. c3 Nc6 9. Qb3 Qd7 10. Bd3 Rc8
11. O-O O-O 12. c4 dxc4 13. Bxc4 Na5 14. Bb5 Nxb3 15. Bxd7 Nxd2 16. Bxc8 Bxf3
0-1

[Event "Big Slow Tourney for Lazy or Busy People.  "]
[Site "SchemingMind.com"]
[Date "2019.07.24"]
[Round "-"]
[White "Olli Ylönen"]
[Black "Paul Clarkson"]
[Result "0-1"]
[WhiteCountry "FIN"]
[BlackCountry "CAN"]
[WhiteElo "1875"]
[WhiteRD "92"]
[BlackElo "1979"]
[BlackRD "100"]
[GameID "443731"]

1. e4 e6 2. d4 d5 3. exd5 exd5 4. Nf3 Nc6 5. Nc3 Bb4 6. Bd3 Nge7 7. O-O Bg4 8. a3 Ba5 9. Ne2 Bxf3 10. gxf3 Qd7
11. Bd2 Bb6 12. c3 O-O-O 13. a4 a5 14. Be3 Nf5 15. Bxf5 Qxf5 16. Ng3 Qg6 17. Kh1 Ne7 18. b4 h5 19. Rg1 c6 20. bxa5 Bxa5
21. Rb1 Qf6 22. f4 g6 23. Ne2 Nf5 24. Bd2 Qe7 25. f3 Rhe8 26. Ng3 Ne3 27. Qb3 Nc4 28. Be1 Rd7 29. f5 h4 30. Ne4 gxf5
31. Nc5 Rc7 32. Rg2 h3 33. Rg3 Qe2 34. Kg1 Nd2 35. Bxd2 Qxd2 36. Qd1 Qe3+ 37. Kf1 Bxc3 38. Nb3 Rce7 39. Rxh3 Be1 40. Qc2 Rg8
0-1